Album of The Year's Top 25 Albums of 2022 - Statistics

General Stats
  • This quiz has been taken 25 times
    16 since last reset
  • The average score is 10 of 25
Answer Stats
Artist Album % Correct
Black Country, New Road Ants From Up There
71%
Denzel Curry Melt My Eyez See Your Future
71%
Kendrick Lamar Mr. Morale & The Big Steppers
71%
JID The Forever Story
71%
black midi Hellfire
57%
Quadeca I Didn't Mean To Haunt You
57%
Beyoncé RENAISSANCE
57%
Ethel Cain Preacher's Daughter
50%
Black Thought & Danger Mouse Cheat Codes
43%
ROSALÍA MOTOMAMI
43%
JPEGMAFIA OFFLINE!
43%
billy woods Aethiopes
36%
Conway the Machine God Don't Make Mistakes
36%
Nas King's Disease III
36%
Little Simz NO THANK YOU
36%
Weyes Blood And in the Darkness, Hearts Aglow
29%
Alvvays Blue Rev
29%
Natalia Lafourcade De Todas Las Flores
29%
Big Thief Dragon New Warm Mountain I Believe In You
29%
Viagra Boys Cave World
21%
Chat Pile God's Country
21%
Soul Glo Diaspora Problems
14%
what is your name? the now now and never
14%
Ashenspire Hostile Architecture
7%
self-titled Kessoku Band
7%
No matching quizzes found
Score Distribution
Percent of People with Each Score
Percentile by Number Answered
Your Score History
You have not taken this quiz since the last reset